000 00475nam a2200169Ia 4500
001 61223
008 170103n ii |||gr||||Z||||||465
082 _a575.5
100 _aSarin, Chanchal,
_eAuthor.
245 0 _aExperiments in cytogenetics with theoretical background
_cby Chanchal Sarin
_hTextual Documents
260 _aDelhi
_bVishal Publications
300 _aii, 224p:
_c21cm.
653 _aBotany
653 _aCytogenetics
653 _aG-Botany
942 _2ddc
_cBK
999 _c62332
_d62332